01853 a2200241 45000010006000000050017000060080041000230030015000640400040000790800109001192450041002280200018002692640030002873000019003175051037003369420007013735900036013801000024014167000031014407000021014719990015014929520104015075439820260407155817.0260407a1997 arg spa dAR-UNSa-BCEJYS aAR-UNSa-BCEJYSbspacAR-UNSa-BCEJYS a327xRelaciones internacionales. Política internacional. Asuntos internacionales. Política exterior 10aEl extremismo político en Alemania a84-7432-637-0 1aBarcelona :bGedisac1997 a356 p.c20 cm. a1. El desempleo y los éxitos electorales del nacionalsocialismo – 2. ¿”Propensión” de los empleados – “Inmunidad” de los obreros? Mitos sobre los votantes del NSDAP – 3. ¿Fue el NSDAP el primer partido popular alemán? – 4. Los “caídos de marzo” de 1933. Nuevos resultados de la investigación sobre el cambio social en el NSDAP como consecuencia de la “toma del poder” – 5. La hipótesis de la historia. ¿Cuántos nacionalsocialismos convencidos hubo? – 6. Viejas y nuevas orientaciones de los partidos: las elecciones federales de 1949. Entre la continuidad y un nuevo comienzo – 7. La base popular de la extrema derecha en Europa: un análisis comparativo – 8. Conflictos políticos, comportamiento electoral y estructura de la competencia partidista – 9. Los votantes del PDS en las elecciones federales de 1994. Entre la ideología, la nostalgia y la protesta – 10. Siglas de los partidos políticos – 11. Títulos de los originales alemanes y lugar de su publicación.  cBK aniveau_biblio:m niveau_hierar:01 aFalter, Jürgen W.1 aGarzón Valdés, Ernesto1 aZimmerling, Ruth c5555d5555 00104070aBCEJYSbBCEJYSc16d2026-04-07l0o327 F177pL85625r2026-04-07 15:58:17w2026-04-07yL